| 000 | 00741nam a2200217 i 4500 | ||
|---|---|---|---|
| 001 | bg | ||
| 245 | 4 |
_aThe Physics of Selenium and Tellurium : _bproceedings of the international Conference on the Physics of Selenium and Tellurium, Königstein, Fed. Rep. of Germany May 28-31, 1979 / _cedts E. Gerlach and P. Grosse. |
|
| 260 |
_aBerlin : _bSpringer, _c1979. |
||
| 490 | 1 |
_aSpringer Series in Solid-State Physics ; _v13 |
|
| 650 | 9 |
_aSelen _xbadanie |
|
| 650 | 9 |
_aTellur _xbadanie |
|
| 650 | 9 | _aChemia fizyczna | |
| 830 | _aSpringer Series in Solid-State Physics ; | ||
| 020 | _a3540096922 | ||
| 040 | _cBPK | ||
| 041 | _apol | ||
| 080 | _a54 | ||
| 920 | _a3-540-09692-2 | ||
| 942 | _cKS | ||
| 008 | s pl f |000 0 pol | ||
| 999 |
_c21746 _d21746 |
||
| 856 |
_uhttp://koha.tu.koszalin.pl/cgi-bin/koha/opac-detail.pl?biblionumber=21746 _yKatalog online BPK |
||